Juvenile delinquency : causes and control. / (Record no. 9856)

MARC details
000 -LEADER
fixed length control field 01575cam a2200289 a 4500
001 - CONTROL NUMBER
control field 15299579
003 - CONTROL NUMBER IDENTIFIER
control field OSt
005 - DATE AND TIME OF LATEST TRANSACTION
control field 20230629104738.0
008 - FIXED-LENGTH DATA ELEMENTS--GENERAL INFORMATION
fixed length control field 080521s2009 nyua b 001 0 eng
010 ## - LIBRARY OF CONGRESS CONTROL NUMBER
LC control number 2008022177
020 ## - INTERNATIONAL STANDARD BOOK NUMBER
International Standard Book Number 9780190641610
035 ## - SYSTEM CONTROL NUMBER
System control number (OCoLC)ocn228676753
035 ## - SYSTEM CONTROL NUMBER
System control number (OCoLC)228676753
Canceled/invalid control number (OCoLC)229023247
040 ## - CATALOGING SOURCE
Original cataloging agency DLC
Transcribing agency DLC
Modifying agency BAKER
-- BTCTA
-- YDXCP
-- C#P
-- BWX
-- DLC
050 00 - LIBRARY OF CONGRESS CALL NUMBER
Classification number HV9069.A55
082 00 - DEWEY DECIMAL CLASSIFICATION NUMBER
Classification number 364.36
Edition number 22
100 1# - MAIN ENTRY--PERSONAL NAME
Personal name Agnew, Robert,
9 (RLIN) 1929
245 10 - TITLE STATEMENT
Title Juvenile delinquency : causes and control. /
Statement of responsibility, etc. Robert Agnew and Timothy Brezina
250 ## - EDITION STATEMENT
Edition statement 6th ed.
260 ## - PUBLICATION, DISTRIBUTION, ETC.
Place of publication, distribution, etc. Oxford :
Name of publisher, distributor, etc. Oxford University Press,
Date of publication, distribution, etc. 2018.
300 ## - PHYSICAL DESCRIPTION
Extent xii, 612 p. :
Other physical details ill. ;
Dimensions 26 cm.
504 ## - BIBLIOGRAPHY, ETC. NOTE
Bibliography, etc. note Includes bibliographical references (p. 490-611) and indexes.
505 ## - FORMATTED CONTENTS NOTE
Formatted contents note Contents: What is delinquency and how does it differ from adult crime? -- How is delinquency measured? -- How much delinquency is there, and is delinquency increasing? -- Who is most likely to engage in delinquency? -- What is a theory and how do we test theories ? -- The life course -- I delinquency more likely in certain situations? -- Group differences in delinquency -- Individual traits -- Pulling it all together -- Policies and programs -- The police -- Juvenile courts and corrections -- The juvenile justice system -- The strategies of deterrence and incapacitation -- Th e strategies of prevention and rehabilitation -- What should we do to reduce delinquency?
650 #0 - SUBJECT ADDED ENTRY--TOPICAL TERM
Topical term or geographic name entry element Juvenile delinquency.
9 (RLIN) 1930
700 ## - ADDED ENTRY--PERSONAL NAME
Personal name Brezina, Timothy
9 (RLIN) 1931
942 ## - ADDED ENTRY ELEMENTS (KOHA)
Source of classification or shelving scheme Library of Congress Classification
Koha item type Books
Holdings
Withdrawn status Lost status Source of classification or shelving scheme Damaged status Not for loan Home library Current library Shelving location Date acquired Full call number Barcode Date last seen Price effective from Koha item type
    Library of Congress Classification     WISCONSIN INTERNATIONAL UNIVERSITY COLLEGE, GHANA KUMASI LIBRARY WISCONSIN INTERNATIONAL UNIVERSITY COLLEGE, GHANA KUMASI LIBRARY Law Library 05/06/2023 HV9069.A55(6e) KSL/2249/452/23 29/06/2023 29/06/2023 Books

If you have any concerns or questions; kindly contact the library


© Powered by WIUC ICT DIRECTORATE